Adnan Menderes'in konusmaları, demeçleri, makaleleri (Record no. 8564)

MARC details
000 -BAŞLIK
Sabit Uzunlukta Kontrol Alanı 01254na a2200289 4500
001 - KONTROL NUMARASI
Denetim Alanı 16058
003 - KONTROL NUMARASI IDENTIFIER
Denetim Alanı MIRAKIL
005 - SON İŞLEM TARİHİ VE ZAMANI
Denetim Alanı 20181213155217.0
008 - SABİT-BOY VERİ ELEMANLARI - GENEL BİLGİLER
Sabit Uzunlukta Kontrol Alanı 161020b tu 000 0
035 ## - SİSTEM KONTROL NUMARASI
Sistem Kontrol Numarası 16058
040 ## - KATALOGLAMA KAYNAK
Orijinal Kataloglama Ajansı Milas
Kataloglama Dili tur
Metne Dönüştürmek Ajansı TR-AnCHP
041 ## - DİL KODU
Metin / Ses Parça Veya Ayrı Başlığın Dil Kodu tur
082 ## - DEWEY ONLU SINIFLANDIRMA NUMARASI
Sınıflandırma Numarası 324.213
Ürün Numarası M35a 1991-1992
090 ## - SINIFLAMA NUMARASI
Sınıflama Numarası 324.213 M35a 1991-1992
100 ## - ANA GİRİŞ - KİŞİSEL İSİM
Kişisel Ad Menderes, Adnan
245 ## - BAŞLIK TABLOSU
Başlık Adnan Menderes'in konusmaları, demeçleri, makaleleri
Sorumluluk Tablosu, Vb Adnan Menderes; yayına hazırlayan Haluk Kılçık
260 ## - YAYIN, DAĞITIM, VB
Yayın, Dağıtım, Vb Yeri Ankara
Yayıncı, Dağıtıcı, Vs Adı Demokratlar Kulübü Yayınları
Yayın, Dağıtım, Vb Tarihi 1991-1992
300 ## - FİZİKSEL TANIM
Kapsam 9 c.
Diğer Fiziksel Ayrıntıları ftg.
Boyutlar 19 sm.
490 ## - SERİSİ TABLOSU
Seri Beyanı Demokratlar Kulübü Yayınları
Hacim / Ardışık Tanımı 3
505 ## - BİÇİMLENDİRİLDİ İÇİNDEKİLER NOT
Biçimlendirilmiş İçeriği Dikkat c. 1. Aralık 1933-Mart 1950 -- c. 2. Mayıs 1950-Aralık1951 -- c. 3. Ocak 1952-Haziran 1953 -- c. 4. Temmuz 1953-Nisan 1954 -- c. 5. Mayıs 1954-Eylül 1955 -- c. 6. Ekim 1955-Eylül 1956 -- c. 7. Ekim 1956-Ekim 1957 -- c. 8. Kasım 1957-Aralık 1958 -- c. 9. Ocak 1959-Mayıs 1960
600 ## - KONU KATMA GİRİŞ - KURUMSAL ADI
Kişisel Ad Menderes, Adnan
Başlıklar Ve Bir Adla İlişkili Diğer Kelimeler DP Genel başkanı
Genel Alt Bölümü Söylev ve demeçler
Kronolojik Alt Bölümü 1933-1960
650 ## - KONU KATMA GİRİŞ - TOPİKAL DÖNEM
Topikal Süreli Veya Coğrafi Ad Giriş Elemanı Devlet adamları
Genel Alt Bölümü Söylev ve demeçler
650 ## - KONU KATMA GİRİŞ - TOPİKAL DÖNEM
Topikal Süreli Veya Coğrafi Ad Giriş Elemanı Demokrat Parti (DP)
Genel Alt Bölümü Siyaset ve yönetim
651 ## - KONU KATMA GİRİŞ - COĞRAFİ ADI
Coğrafi İsim Türkiye
Genel Alt Bölümü Siyaset ve yönetim
Kronolojik Alt Bölümü 1933-1960
700 ## - KATMA GİRİŞ - KİŞİSEL İSİM
Kişisel Ad Kılçık, Haluk
942 ## - EKLENDİ GİRİŞ ELEMANLARI (KOHA)
Sınıflandırma Veya Raf Düzeni Kaynak
Koha Öğesi Türü Books
999 ## - SİSTEM KONTROL NUMARALARI (KOHA)
Koha Biblionumber 8564
Koha Biblioitemnumber 8564
Holdings
Kalıcı Konum Mevcut Konum Edinme Tarihi Edinim Kaynak Toplam Check-Out'Lar Tam Çağrı Numarası Barkod Tarih Son Görülme İtibaren Geçerli Fiyatlar Koha Öğesi Türü Seri Numaralandırma / Kronolojik Toplam Yenileme Kontrol Edildi Tarihi Geçen Teslim
CHP Kütüphanesi CHP Kütüphanesi 09/29/2016 Bağış   324.213 M35a 1991-1992 004650 09/29/2016 09/29/2016 Books        
CHP Kütüphanesi CHP Kütüphanesi 09/29/2016 Bağış   324.213 M35a 1991-1992 004651 09/29/2016 09/29/2016 Books        
CHP Kütüphanesi CHP Kütüphanesi 09/29/2016 Bağış   324.213 M35a 1991-1992 004652 09/29/2016 09/29/2016 Books c.2      
CHP Kütüphanesi CHP Kütüphanesi 09/29/2016 Bağış   324.213 M35a 1991-1992 004653 09/29/2016 09/29/2016 Books c.3      
CHP Kütüphanesi CHP Kütüphanesi 09/29/2016 Bağış   324.213 M35a 1991-1992 004654 09/29/2016 09/29/2016 Books c.4      
CHP Kütüphanesi CHP Kütüphanesi 09/29/2016 Bağış   324.213 M35a 1991-1992 004655 09/29/2016 09/29/2016 Books c.5      
CHP Kütüphanesi CHP Kütüphanesi 09/29/2016 Bağış 1 324.213 M35a 1991-1992 004656 08/02/2019 09/29/2016 Books c.6 3 10/24/2019 08/02/2019
CHP Kütüphanesi CHP Kütüphanesi 09/29/2016 Bağış 1 324.213 M35a 1991-1992 004657 08/02/2019 09/29/2016 Books c.7 3 10/24/2019 08/02/2019
CHP Kütüphanesi CHP Kütüphanesi 09/29/2016 Bağış 1 324.213 M35a 1991-1992 004658 08/02/2019 09/29/2016 Books c.8 3 10/24/2019 08/02/2019